| 000 | 00367nam a22001217a 4500 | ||
|---|---|---|---|
| 999 |
_c5353 _d5353 |
||
| 008 | 250909b ||||| |||| 00| 0 eng d | ||
| 020 | _a9781800783751 | ||
| 082 | _a813.6 MAR | ||
| 100 |
_aMARINOV,ISABELLE _eAUTHOR _lENGLISH |
||
| 245 | _aHENRI AND THE MACHINE | ||
| 260 |
_a4TH FLOOR, VICTORIA HOUSE,BLOOMSBURY SQUARE,LONDON WC1B 4DA _bTEMPLAR BOOKS _c2023 |
||
| 942 | _2ddc | ||